Mockingjay / (Record no. 833)

MARC details
000 -LEADER
fixed length control field 00640nam a22002177a 4500
005 - DATE AND TIME OF LATEST TRANSACTION
control field 20230201070343.0
008 - FIXED-LENGTH DATA ELEMENTS--GENERAL INFORMATION
fixed length control field 230201b |||||||| |||| 00| 0 eng d
020 ## - INTERNATIONAL STANDARD BOOK NUMBER
International Standard Book Number 978-0-439-02351-1
082 ## - DEWEY DECIMAL CLASSIFICATION NUMBER
Classification number Fic. C713 2010
100 ## - MAIN ENTRY--PERSONAL NAME
Personal name Collins, Suzanne
Relator term author
245 ## - TITLE STATEMENT
Title Mockingjay /
Statement of responsibility, etc. Suzanne Collins
260 ## - PUBLICATION, DISTRIBUTION, ETC.
Place of publication, distribution, etc. New York:
Name of publisher, distributor, etc. Scholastic,
Date of publication, distribution, etc. c2010
300 ## - PHYSICAL DESCRIPTION
Extent 398p.
490 ## - SERIES STATEMENT
Series statement Hunger games trilogy; bk3
541 ## - IMMEDIATE SOURCE OF ACQUISITION NOTE
Accession number 5493
650 ## - SUBJECT ADDED ENTRY--TOPICAL TERM
Topical term or geographic name entry element Everdeen, Katnis (Fictitious character) - Fiction
650 ## - SUBJECT ADDED ENTRY--TOPICAL TERM
Topical term or geographic name entry element Insurgency - Fiction
650 ## - SUBJECT ADDED ENTRY--TOPICAL TERM
Topical term or geographic name entry element Survival - Fictiona
650 ## - SUBJECT ADDED ENTRY--TOPICAL TERM
Topical term or geographic name entry element Interpersonal relations - Fiction
650 ## - SUBJECT ADDED ENTRY--TOPICAL TERM
Topical term or geographic name entry element Contests - Fiction
Holdings
Withdrawn status Lost status Source of classification or shelving scheme Damaged status Not for loan Home library Current library Date acquired Total Checkouts Full call number Barcode Date last seen Copy number Price effective from Koha item type
    Dewey Decimal Classification     ctu-moalboal ctu-moalboal 12/03/2018   Fic. C713 2010 5493 02/01/2023 1 02/01/2023 Books-Fiction